[Event "Be polite. . . even when you are "Volga""]
[Site "SchemingMind.com"]
[Date "2013.02.14"]
[Round "-"]
[White "Darnell"]
[Black "cnile"]
[Result "0-1"]
[WhiteCountry "CAN"]
[BlackCountry "SCO"]
[WhiteElo "1380"]
[WhiteRD "96"]
[BlackElo "1488"]
[BlackRD "61"]
[GameID "326990"]

1. d4 Nf6 2. c4 c5 3. d5 b5 4. cxb5 a6 5. bxa6 Bxa6 6. f3 d6 7. e4 g6 8. Qa4+ Nfd7 9. Nh3 Bg7 10. Be2 Qb6
11. O-O O-O 12. Nc3 c4+ 13. Kh1 Nc5 14. Qc2 Nbd7
0-1

[Event "Be polite. . . even when you are "Volga""]
[Site "SchemingMind.com"]
[Date "2013.02.14"]
[Round "-"]
[White "cnile"]
[Black "Darnell"]
[Result "1-0"]
[WhiteCountry "SCO"]
[BlackCountry "CAN"]
[WhiteElo "1488"]
[WhiteRD "61"]
[BlackElo "1380"]
[BlackRD "96"]
[GameID "326991"]

1. d4 Nf6 2. c4 c5 3. d5 b5 4. cxb5 a6 5. bxa6 Bxa6 6. g3 e6 7. dxe6 fxe6 8. Bg2 d5 9. Nf3 Bd6 10. O-O O-O
11. Nc3 Nc6 12. Re1 Bc7 13. e4 Ba5 14. Bd2
1-0

[Event "Be polite. . . even when you are "Volga""]
[Site "SchemingMind.com"]
[Date "2013.02.19"]
[Round "-"]
[White "mochiron"]
[Black "cnile"]
[Result "0-1"]
[WhiteCountry "JPN"]
[BlackCountry "SCO"]
[WhiteElo "1355"]
[WhiteRD "71"]
[BlackElo "1533"]
[BlackRD "59"]
[GameID "327052"]

1. d4 Nf6 2. c4 c5 3. d5 b5 4. e3 d6 5. cxb5 a6 6. Nf3 Nbd7 7. Nc3 g6 8. Be2 Bg7 9. O-O O-O 10. h3 Nb6
11. a3 Nfd7 12. Nh2 Bb7 13. bxa6 Bxa6 14. Bxa6 Rxa6 15. e4 Ne5 16. Bf4 Nbc4 17. Bxe5 Bxe5 18. Ne2 Nxb2 19. Qc2 Na4 20. Qd2 Bxa1
21. Rxa1 Qc7 22. Nf4 Nb6 23. Ng4 Nc4 24. Qe2 Rxa3 25. Rxa3 Nxa3 26. Nd3 c4 27. Nb4 Nb5 28. Nc6 Na7 29. Qxc4 Nxc6 30. dxc6 Rc8
31. Nh6+ Kh8 32. Qxf7 Qxc6 33. Qxe7 Qc1+ 34. Kh2 Qf4+ 35. g3 Qxf2+ 36. Kh1 Rc1#
0-1

[Event "Be polite. . . even when you are "Volga""]
[Site "SchemingMind.com"]
[Date "2013.02.19"]
[Round "-"]
[White "cnile"]
[Black "mochiron"]
[Result "1-0"]
[WhiteCountry "SCO"]
[BlackCountry "JPN"]
[WhiteElo "1533"]
[WhiteRD "59"]
[BlackElo "1355"]
[BlackRD "71"]
[GameID "327054"]

1. d4 Nf6 2. c4 c5 3. d5 b5 4. cxb5 Qa5+ 5. Nc3 d6 6. g3 e6 7. dxe6 Bxe6 8. Bg2 Be7 9. Bxa8 O-O 10. Bg2 d5
11. Nf3 Qd8 12. a4 d4 13. Na2 Bd5 14. O-O Bxf3 15. Bxf3 a6 16. Bd2 d3 17. e3 Nbd7 18. Rc1 Nb6 19. Ba5 d2 20. Rc2 g5
21. Rxd2 Qc7 22. bxa6 Qa7 23. Bb7 Nc4 24. Rd7 Nxa5 25. Rxe7 Nxb7 26. axb7 Qb6 27. Nc3 Qxb2 28. Nb5 Ng4 29. Rc7 Qg7 30. Rc8 Qg6
31. b8=Q Rxc8 32. Qxc8+ Kg7 33. Qxc5 Qh6 34. Qdd4+
1-0

[Event "Be polite. . . even when you are "Volga""]
[Site "SchemingMind.com"]
[Date "2013.02.21"]
[Round "-"]
[White "Archon"]
[Black "mochiron"]
[Result "1-0"]
[WhiteCountry "CAN"]
[BlackCountry "JPN"]
[WhiteElo "1659"]
[WhiteRD "55"]
[BlackElo "1385"]
[BlackRD "79"]
[GameID "327498"]

1. d4 Nf6 2. c4 c5 3. d5 b5 4. cxb5 Qa5+ 5. Nc3 d6 6. Bd2 e6 7. e4 e5 8. Nf3 h6 9. Bd3 Bg4 10. O-O h5
11. h3 Bxf3 12. Qxf3 Be7 13. Qe2 Qd8 14. a4 Ng4 15. hxg4 hxg4 16. Qxg4 Bf6 17. Na2 Nd7 18. b4 cxb4 19. Nxb4 Rh4 20. Qg3 Nc5
21. Bc2 Nxe4 22. Bxe4 Rxe4 23. Nc6 Qd7 24. Rae1 Rxe1 25. Rxe1 Kf8 26. Qh2 Kg8 27. Qg3 Rc8 28. Bg5 Bxg5 29. Qxg5 Rxc6 30. bxc6 Qc7
31. Rb1 f6 32. Qf5 a5 33. Rb7 Qd8 34. c7 Qxc7 35. Rxc7
1-0

[Event "Be polite. . . even when you are "Volga""]
[Site "SchemingMind.com"]
[Date "2013.02.20"]
[Round "-"]
[White "Archon"]
[Black "cnile"]
[Result "1-0"]
[WhiteCountry "CAN"]
[BlackCountry "SCO"]
[WhiteElo "1654"]
[WhiteRD "55"]
[BlackElo "1516"]
[BlackRD "65"]
[GameID "327499"]

1. d4 Nf6 2. c4 c5 3. d5 b5 4. cxb5 a6 5. bxa6 Bxa6 6. g3 d6 7. Bg2 g6 8. Nh3 Bg7 9. O-O O-O 10. Re1 Nbd7
11. Nc3 Qc7 12. e4 Rfb8 13. f4 Nb6 14. Nf2 Bc4 15. Bd2 e6 16. dxe6 Bxe6 17. e5 dxe5 18. fxe5 Nfd5 19. Nxd5 Bxd5 20. Bf4 Bxg2
21. Kxg2 Qb7+ 22. Kg1 Rd8 23. Qe2 Nd7 24. e6 fxe6 25. Qxe6+ Kh8 26. Rad1 Ra6 27. Rxd7 Rxe6 28. Rxd8+ Bf8 29. Rxe6 Kg7 30. Be5+ Kg8
31. Ree8 Qb4 32. Rxf8#
1-0

[Event "Be polite. . . even when you are "Volga""]
[Site "SchemingMind.com"]
[Date "2013.02.23"]
[Round "-"]
[White "Archon"]
[Black "Darnell"]
[Result "1-0"]
[WhiteCountry "CAN"]
[BlackCountry "CAN"]
[WhiteElo "1659"]
[WhiteRD "55"]
[BlackElo "1380"]
[BlackRD "96"]
[GameID "327500"]

1. d4 Nf6 2. c4 c5 3. d5 b5 4. cxb5 a6 5. bxa6 Bxa6 6. Nc3 g6 7. e4 d6 8. Bxa6 Rxa6 9. Nge2 Bg7 10. O-O O-O
11. Qc2 Nbd7 12. Bd2 Qa8 13. a3 Rb8 14. Rfb1
1-0

[Event "Be polite. . . even when you are "Volga""]
[Site "SchemingMind.com"]
[Date "2013.02.22"]
[Round "-"]
[White "mochiron"]
[Black "Archon"]
[Result "0-1"]
[WhiteCountry "JPN"]
[BlackCountry "CAN"]
[WhiteElo "1355"]
[WhiteRD "71"]
[BlackElo "1675"]
[BlackRD "53"]
[GameID "327501"]

1. d4 Nf6 2. c4 c5 3. d5 b5 4. e3 Qa5+ 5. Bd2 b4 6. a3 g6 7. Nf3 Bg7 8. Be2 O-O 9. h4 d6 10. Ng5 h6
11. Nh3 Nh7 12. O-O Bxb2 13. Ra2 Bg7 14. e4 Nd7 15. g4 Ba6 16. h5 Ne5 17. hxg6 fxg6 18. f4 Nxc4 19. Bxc4 Bxc4 20. Rc2 Bb3
21. axb4 cxb4 22. f5 gxf5 23. gxf5 Bxc2 24. Qxc2 Qb6+ 25. Kg2 a5 26. Bf4 b3 27. Qe2 Qd4 28. Rf3 Qb2 29. Nd2 a4 30. Rg3 Kh8
31. Nf2 a3 32. Rxg7 Qxg7+ 33. Kf3 Ng5+ 34. Bxg5 Qxg5 35. Nxb3 Rg8 36. Qe3 Qxe3+ 37. Kxe3 Rg3+
0-1

[Event "Be polite. . . even when you are "Volga""]
[Site "SchemingMind.com"]
[Date "2013.02.20"]
[Round "-"]
[White "cnile"]
[Black "Archon"]
[Result "1-0"]
[WhiteCountry "SCO"]
[BlackCountry "CAN"]
[WhiteElo "1488"]
[WhiteRD "61"]
[BlackElo "1659"]
[BlackRD "55"]
[GameID "327502"]

1. d4 Nf6 2. c4 c5 3. d5 b5 4. cxb5 a6 5. Nc3 Qa5 6. b6 Qxb6 7. e4 d6 8. Be2 g6 9. Qc2 Bg7 10. Nf3 O-O
11. Rb1 a5 12. O-O Ba6 13. Bf4 Bxe2 14. Qxe2 Nbd7 15. Rfe1 Nh5 16. Bg5 h6 17. Bxe7 Rfe8 18. Bh4 g5 19. Bg3 Nxg3 20. hxg3 Ne5
21. Nxe5 Bxe5 22. Qh5 Bg7 23. Kh2 Qd8 24. a3 Qf6 25. Nb5 Re7 26. Nc3 Kh7 27. Qe2 Rb8 28. a4 Qe5 29. Nb5 Rd7 30. Qd2 Qe7
31. Qxa5 Be5 32. Qd2 Ra8 33. b3 Qf6 34. Rh1 Kg7 35. Kg1 Rh8 36. Rc1 Rdd8 37. Kh2 Rhe8 38. Qe2 Rh8 39. Rhd1 Bb2 40. Rc2 Be5
41. a5 Ra8 42. Ra2 Ra6 43. Nc7 Ra7 44. Nb5 Rha8 45. Nxa7 Rxa7 46. Qb5 Qe7 47. Rc1 Bd4 48. Qb6 Rb7 49. Qa6 Ra7 50. Qd3 Be5
51. Ra4 Qd8 52. a6 Qd7 53. Rb1 Qc8 54. Rf1 f6 55. f4 Bd4 56. fxg5 hxg5 57. Qf3 Be5 58. Qh5 Qh8 59. Qxh8+ Kxh8 60. Kh3 Kg7
61. Rb1 Kf7 62. b4 cxb4 63. Rbxb4 Kg6 64. Rb7
1-0

[Event "Be polite. . . even when you are "Volga""]
[Site "SchemingMind.com"]
[Date "2013.02.23"]
[Round "-"]
[White "Darnell"]
[Black "Archon"]
[Result "0-1"]
[WhiteCountry "CAN"]
[BlackCountry "CAN"]
[WhiteElo "1380"]
[WhiteRD "96"]
[BlackElo "1659"]
[BlackRD "55"]
[GameID "327503"]

1. d4 Nf6 2. c4 c5 3. d5 b5 4. cxb5 a6 5. bxa6 Bxa6 6. Nc3 d6 7. e4 Bxf1 8. Kxf1 g6 9. f3 Bg7 10. Nge2 O-O
11. Kf2 Na6 12. Re1 Nc7 13. Bg5 Nd7
0-1

[Event "Be polite. . . even when you are "Volga""]
[Site "SchemingMind.com"]
[Date "2013.02.25"]
[Round "-"]
[White "APB"]
[Black "mochiron"]
[Result "0-1"]
[WhiteCountry "ENG"]
[BlackCountry "JPN"]
[WhiteElo "1696"]
[WhiteRD "62"]
[BlackElo "1385"]
[BlackRD "79"]
[GameID "327609"]

1. d4 Nf6 2. c4 c5 3. d5 b5 4. Nf3 bxc4 5. Nc3 e6 6. e4 Be7 7. Bxc4 O-O 8. O-O h6 9. d6 Bb7 10. dxe7 Qxe7
11. Qe2 Nc6 12. Bf4 e5 13. Bd2 d6 14. Nd5 Nxd5 15. Bxd5 Nd4 16. Nxd4 Bxd5 17. exd5 cxd4 18. Qg4 f5 19. Qf3 e4 20. Qa3 e3
21. fxe3 dxe3 22. Bxe3 Qe5 23. Rad1 f4 24. Bf2 f3 25. g3 Qh5 26. h4 Qg4 27. Kh2 g5 28. Rd4 Rf4 29. Be3 Rxd4 30. Bxd4 Qxd4
31. Qxd6 Qd2+ 32. Kg1 Qg2#
0-1

[Event "Be polite. . . even when you are "Volga""]
[Site "SchemingMind.com"]
[Date "2013.02.23"]
[Round "-"]
[White "APB"]
[Black "cnile"]
[Result "1-0"]
[WhiteCountry "ENG"]
[BlackCountry "SCO"]
[WhiteElo "1678"]
[WhiteRD "63"]
[BlackElo "1516"]
[BlackRD "65"]
[GameID "327610"]

1. d4 Nf6 2. c4 c5 3. d5 b5 4. Nf3 d6 5. cxb5 a6 6. e3 Nbd7 7. Nc3 g6 8. e4 Bg7 9. Bd3 O-O 10. O-O Ng4
11. bxa6 Bxa6 12. Bxa6 Rxa6 13. Ng5 Nge5 14. Qe2 c4 15. b3 Nd3 16. Bd2 N7e5 17. bxc4 Nxc4 18. Qxd3 Qc7 19. Nb5 Qc8 20. Rac1 Nxd2
21. Rxc8 Nxf1 22. Rxf8+ Kxf8 23. Qc2
1-0

[Event "Be polite. . . even when you are "Volga""]
[Site "SchemingMind.com"]
[Date "2013.02.26"]
[Round "-"]
[White "mochiron"]
[Black "APB"]
[Result "0-1"]
[WhiteCountry "JPN"]
[BlackCountry "ENG"]
[WhiteElo "1385"]
[WhiteRD "79"]
[BlackElo "1696"]
[BlackRD "62"]
[GameID "327613"]

1. d4 Nf6 2. c4 c5 3. d5 b5 4. e3 bxc4 5. Bxc4 d6 6. Nf3 Nbd7 7. O-O Nb6 8. Bb5+ Bd7 9. Bxd7+ Qxd7 10. Nc3 Qb7
11. e4 g6 12. Bg5 Bg7 13. Bxf6 Bxf6 14. Re1 Nc4 15. Nd2 Nxb2 16. Qb1 Bxc3 17. Re3 Qb4 18. Nb3 O-O 19. Rxc3 Qxc3 20. Qc1 Qxc1+
21. Nxc1 Nc4 22. a4 a5 23. h3 Rab8 24. Ne2 Rb2 25. Nf4 Rfb8 26. Nd3 Rb1+ 27. Rxb1 Rxb1+ 28. Kh2 Ra1 29. e5 Nxe5 30. Nxe5 dxe5
0-1

[Event "Be polite. . . even when you are "Volga""]
[Site "SchemingMind.com"]
[Date "2013.02.23"]
[Round "-"]
[White "cnile"]
[Black "APB"]
[Result "0-1"]
[WhiteCountry "SCO"]
[BlackCountry "ENG"]
[WhiteElo "1488"]
[WhiteRD "61"]
[BlackElo "1696"]
[BlackRD "62"]
[GameID "327614"]

1. d4 Nf6 2. c4 c5 3. d5 b5 4. cxb5 a6 5. bxa6 Bxa6 6. g3 g6 7. Bg2 d6 8. Nf3 Bg7 9. O-O O-O 10. Nc3 Re8
11. Re1 Nbd7 12. e4 Rb8 13. Qc2 e6 14. Bg5 h6 15. Be3 Nb6 16. Rad1 Nc4 17. Bc1 Bb7 18. b3 Nb6 19. Bf4 e5 20. Be3 Ng4
21. Bd2 Nf6 22. Qc1 Kh7 23. a4 Ra8 24. Nb5 Nxe4 25. Be3 Bxd5 26. Bf1 Bxb3 27. Rd3 c4 28. Rxb3 cxb3 29. Qb2 Nxa4 30. Qxb3 Re7
31. Na7 Rexa7 32. Bxa7 Rxa7 33. Qd5 Nac3 34. Qc4 Qb6 35. Bd3 Qxf2+ 36. Kh1 Qxf3+ 37. Kg1 Qf2+ 38. Kh1 Qxe1+ 39. Bf1 Ra4 40. Qxf7 Nf6
41. Kg2 Qe4+
0-1

[Event "Be polite. . . even when you are "Volga""]
[Site "SchemingMind.com"]
[Date "2013.02.23"]
[Round "-"]
[White "Archon"]
[Black "APB"]
[Result "0-1"]
[WhiteCountry "CAN"]
[BlackCountry "ENG"]
[WhiteElo "1654"]
[WhiteRD "55"]
[BlackElo "1678"]
[BlackRD "63"]
[GameID "327615"]

1. d4 Nf6 2. c4 c5 3. d5 b5 4. cxb5 a6 5. bxa6 Bxa6 6. Nc3 g6 7. Nf3 Bg7 8. e4 Bxf1 9. Kxf1 d6 10. g3 O-O
11. Kg2 Qb6 12. Qc2 Na6 13. Re1 Nb4 14. Qe2 Rfe8 15. a3 Na6 16. Bd2 e6 17. dxe6 Rxe6 18. Bc1 Rae8 19. Qd3 Qc6 20. Bf4 c4
21. Qc2 Nc5 22. a4 Nfxe4 23. Nxe4 Nxe4 24. Re3 g5 25. Bxg5 Nxg5 26. Qe2 Rxe3 27. fxe3 Nxf3 28. Qxf3 Qxf3+ 29. Kxf3 Bxb2
0-1

[Event "Be polite. . . even when you are "Volga""]
[Site "SchemingMind.com"]
[Date "2013.03.08"]
[Round "-"]
[White "VLNT_1"]
[Black "mochiron"]
[Result "1-0"]
[WhiteCountry "USA"]
[BlackCountry "JPN"]
[WhiteElo "1176"]
[WhiteRD "78"]
[BlackElo "1355"]
[BlackRD "71"]
[GameID "328094"]

1. d4 Nf6 2. c4 c5 3. d5 b5 4. Nf3 d6 5. cxb5 Qa5+ 6. Bd2 Qxb5 7. Bc3 c4 8. Nd4 Qb6 9. g3 h6 10. Bg2 e5
11. Nf3 Nxd5 12. Qa4+ Bd7 13. Qxc4 Nxc3 14. bxc3 Nc6 15. h4 Na5 16. Qe4 Bc6 17. Qd3 Bxf3 18. Qxf3 Rc8 19. O-O Be7 20. Na3 Nc4
21. Nc2 O-O 22. Qf5 Nd2 23. Rfd1 Nc4 24. Be4 Rce8 25. Qh7#
1-0

[Event "Be polite. . . even when you are "Volga""]
[Site "SchemingMind.com"]
[Date "2013.03.05"]
[Round "-"]
[White "VLNT_1"]
[Black "APB"]
[Result "0-1"]
[WhiteCountry "USA"]
[BlackCountry "ENG"]
[WhiteElo "1172"]
[WhiteRD "78"]
[BlackElo "1696"]
[BlackRD "62"]
[GameID "328095"]

1. d4 Nf6 2. c4 c5 3. d5 b5 4. cxb5 a6 5. b6 d6 6. Nf3 g6 7. g3 Bb7 8. Bg2 Bxd5 9. O-O Bg7 10. Nc3 Bb7
11. b3 Qxb6 12. Rb1 Bc6 13. Bf4 O-O 14. Qd2 Ne4 15. Nxe4 Bxe4 16. Rbd1 Nd7 17. Ng5 Bxg2 18. Kxg2 e5 19. Be3 Qc6+ 20. f3 Nf6
21. h4 d5 22. b4 d4 23. Bxd4 cxd4 24. Rc1 Qb7 25. Nh3 Ng4 26. Qg5 Ne3+ 27. Kg1 h6 28. Qxe3 dxe3 29. g4 Qxb4 30. Rcd1 Qb2
31. Rfe1 Qxa2 32. Rd3 Rab8 33. Rxe3 Rb1 34. Kf1 Rfb8 35. f4 Qd2 36. Rxb1 Rxb1+ 37. Kf2 Qe1+ 38. Kf3 Qxh4 39. Nf2 Qh2 40. Nd3 Rf1+
41. Ke4 Qg2+ 42. Rf3 Qxe2+ 43. Re3 Qc2 44. fxe5 Qc4#
0-1

[Event "Be polite. . . even when you are "Volga""]
[Site "SchemingMind.com"]
[Date "2013.03.05"]
[Round "-"]
[White "VLNT_1"]
[Black "cnile"]
[Result "0-1"]
[WhiteCountry "USA"]
[BlackCountry "SCO"]
[WhiteElo "1176"]
[WhiteRD "78"]
[BlackElo "1533"]
[BlackRD "59"]
[GameID "328096"]

1. d4 Nf6 2. c4 c5 3. d5 b5 4. Qd3 d6 5. cxb5 a6 6. bxa6 Bxa6 7. Qa3 Nbd7 8. Qa4 g6 9. Nf3 Bg7 10. g3 O-O
11. Bg2 Bxe2 12. Qf4 Ba6 13. Nc3 Qa5 14. Qe3 Nxd5 15. Qd2 Nxc3 16. Qe3 Nd5+ 17. Bd2 Nxe3 18. Bxa5 Nc2+ 19. Kd2 Nxa1 20. Rxa1 Nf6
21. Re1 e6 22. Ng5 Rab8 23. b3 Nd5 24. Ne4 Bc8 25. Nxd6 Ba6 26. Ne4 Rb5 27. Bc3 Nxc3 28. Nxc3 Rd8+ 29. Kc2 Rbb8 30. Na4 Bd3+
31. Kd2 Be4+ 32. Ke2 Bxg2 33. Nxc5 Rbc8 34. Na6 Rc2+ 35. Ke3 Bh6+ 36. f4 e5 37. Nb4 Rc3+ 38. Kf2 Rd2+ 39. Re2 Rxe2+ 40. Kxe2 exf4
41. gxf4 Bxf4 42. h4 Be4 43. Na6 Bd3+ 44. Kf3 Bd2 45. b4 Bxa6+ 46. Kf2 f5 47. a4 Bc4 48. b5 Ra3 49. b6 Rb3 50. a5 Ba6
51. Kg2 Bxa5 52. h5 Bxb6 53. hxg6 hxg6 54. Kh2 Bc7+ 55. Kg2 Bb7+ 56. Kf2 g5 57. Kg1 Rb2 58. Kf1 Bg3 59. Kg1 Bf3 60. Kf1 Rb1#
0-1

[Event "Be polite. . . even when you are "Volga""]
[Site "SchemingMind.com"]
[Date "2013.03.05"]
[Round "-"]
[White "VLNT_1"]
[Black "Archon"]
[Result "0-1"]
[WhiteCountry "USA"]
[BlackCountry "CAN"]
[WhiteElo "1178"]
[WhiteRD "74"]
[BlackElo "1654"]
[BlackRD "55"]
[GameID "328097"]

1. d4 Nf6 2. c4 c5 3. d5 b5 4. Nc3 b4 5. Nb5 d6 6. b3 g6 7. Bb2 Bg7 8. Qd3 a6 9. Nxd6+ exd6 10. Qe3+ Qe7
11. Qg3 O-O 12. O-O-O Bd7 13. Nf3 a5 14. Re1 a4 15. e3 Ne4 16. Qf4 Bxb2+ 17. Kxb2 axb3 18. axb3 Nc3 19. Ra1 Nc6 20. dxc6 Rxa1
21. Kxa1 Ra8+ 22. Kb2 Ra2+ 23. Kc1 Bf5 24. g4 Rc2#
0-1

[Event "Be polite. . . even when you are "Volga""]
[Site "SchemingMind.com"]
[Date "2013.03.08"]
[Round "-"]
[White "mochiron"]
[Black "VLNT_1"]
[Result "0-1"]
[WhiteCountry "JPN"]
[BlackCountry "USA"]
[WhiteElo "1355"]
[WhiteRD "71"]
[BlackElo "1176"]
[BlackRD "78"]
[GameID "328099"]

1. d4 Nf6 2. c4 c5 3. d5 b5 4. e3 bxc4 5. Bxc4 d6 6. Nf3 g6 7. O-O Bg7 8. Nc3 O-O 9. e4 e5 10. Bg5 h6
11. Bxf6 Qxf6 12. h3 Nd7 13. g4 Rb8 14. Nh2 Rxb2 15. Rb1 Rxb1 16. Qxb1 Qf4 17. Qc2 Nb6 18. Ne2 Qg5 19. Nf3 Qf6 20. Nh2 Qh4
21. Qd3 Qxh3 22. Qxh3 Nxc4 23. Qc3 Nb6 24. Ng3 a6 25. Nf3 Bxg4 26. Kh2 c4 27. Rg1 Na4 28. Qxc4 Nb2 29. Qxa6 Bxf3 30. a4 Bf6
31. a5 Rb8 32. Rb1 Bd8 33. Qxd6 Rc8 34. Rxb2 Bxa5 35. Rb7 Rc2 36. Qxe5 Rxf2+ 37. Kh3 Bg2+ 38. Kh4 Bd8+ 39. Re7 g5+ 40. Kg4 Bf3+
41. Kh3 g4+ 42. Kh4 Rh2#
0-1

[Event "Be polite. . . even when you are "Volga""]
[Site "SchemingMind.com"]
[Date "2013.03.06"]
[Round "-"]
[White "APB"]
[Black "VLNT_1"]
[Result "1-0"]
[WhiteCountry "ENG"]
[BlackCountry "USA"]
[WhiteElo "1678"]
[WhiteRD "63"]
[BlackElo "1178"]
[BlackRD "74"]
[GameID "328100"]

1. d4 Nf6 2. c4 c5 3. d5 b5 4. cxb5 g6 5. Nc3 Bg7 6. e3 O-O 7. Bd3 d6 8. Nf3 e6 9. Bc4 a5 10. dxe6 fxe6
11. Ng5 d5 12. Be2 Nfd7 13. Nxe6 Qe8 14. Nxf8 Qxf8 15. Qxd5+ Kh8 16. Qxa8 Bf6 17. Qf3 h5 18. Nd5 c4 19. Bxc4 Bb7 20. e4 Ne5
21. Qxf6+ Qxf6 22. Nxf6 h4 23. Be6 a4 24. O-O g5 25. Bxg5 Nd3 26. Rad1 Nxb2 27. Rd8+ Kg7 28. Rg8#
1-0

[Event "Be polite. . . even when you are "Volga""]
[Site "SchemingMind.com"]
[Date "2013.03.06"]
[Round "-"]
[White "cnile"]
[Black "VLNT_1"]
[Result "1-0"]
[WhiteCountry "SCO"]
[BlackCountry "USA"]
[WhiteElo "1533"]
[WhiteRD "59"]
[BlackElo "1176"]
[BlackRD "78"]
[GameID "328101"]

1. d4 Nf6 2. c4 c5 3. d5 b5 4. cxb5 g6 5. Nc3 Bg7 6. e4 O-O 7. Be2 Bb7 8. Be3 d6 9. Nf3 Qa5 10. O-O Nbd7
11. a4 Ng4 12. Qd2 e6 13. Bg5 Qc7 14. h3 exd5 15. exd5 Rae8 16. hxg4 c4 17. a5 Qc5 18. Be3 Qc7 19. Rfc1 a6 20. bxa6 Bxa6
21. Bh6 Nf6 22. g5 Ng4 23. Bxg7 Kxg7 24. Qd4+ f6 25. Qxg4 h5 26. gxh6+ Kxh6 27. Qh4+ Kg7 28. Ne4 f5 29. Nfg5 Rh8 30. Qf4 fxe4
31. Ne6+ Rxe6 32. Bxc4 Bxc4 33. Ra4 Rf6 34. Qxe4 Rxf2 35. Kxf2 Qf7+ 36. Qf3 Qb7 37. Raxc4 Qxb2+ 38. Kg3 Qe5+ 39. Kf2 Rh2 40. Rc7+ Kh6
41. Qe3+ Kh5 42. Rh7+ Kg4 43. Qxe5 dxe5 44. Rxh2 e4 45. d6 Kf4 46. Rh3 Ke5 47. d7 e3+ 48. Rxe3+ Kf4 49. d8=Q Kf5 50. Qf8+ Kg5
51. Rg3+ Kh5 52. Rh1#
1-0

[Event "Be polite. . . even when you are "Volga""]
[Site "SchemingMind.com"]
[Date "2013.03.06"]
[Round "-"]
[White "Archon"]
[Black "VLNT_1"]
[Result "1-0"]
[WhiteCountry "CAN"]
[BlackCountry "USA"]
[WhiteElo "1675"]
[WhiteRD "53"]
[BlackElo "1176"]
[BlackRD "78"]
[GameID "328102"]

1. d4 Nf6 2. c4 c5 3. d5 b5 4. cxb5 g6 5. Nc3 c4 6. e4 Bg7 7. Bxc4 O-O 8. Nf3 d6 9. O-O Qc7 10. Be2 Bb7
11. Bg5 Ng4 12. Bd2 e6 13. h3 Nf6 14. Bg5 Nh5 15. Bd2 Nd7 16. g4 Nhf6 17. Rc1 exd5 18. exd5 Rae8 19. Be3 Re7 20. Ne4 Qa5
21. Nxd6 Bxd5 22. Nc8 Re6 23. Nxa7 Qxa2 24. Nc6 Qxb2 25. Rb1 Qa3 26. Qc2 Qa8 27. Ncd4 Re4 28. b6 Re7 29. Qc7 Qa5 30. Nc6 Bxc6
31. Qxc6 Nb8 32. Qb5 Qa2 33. Rb2 Qa3 34. Bc5 Qc3 35. Bxe7 Rc8 36. Bxf6 Qxf6 37. Rbb1 Bh6 38. Qe5 Qc6 39. Nd4 Qb7 40. Bf3 Qa6
41. b7 Rf8 42. Nc6 f6 43. Qxb8 Qd3 44. Qxf8+ Bxf8 45. b8=Q Qxf3 46. Ne7+ Kf7 47. Rb7 Bxe7 48. Qc7 Kg7 49. Qxe7+ Kh6 50. Qxh7+ Kg5
51. Rb5+ f5 52. Rxf5+ gxf5 53. Qxf5+ Qxf5 54. gxf5 Kxf5 55. f4 Ke6 56. f5+ Kf6 57. h4 Kg7 58. h5 Kh6 59. f6 Kxh5 60. f7 Kg4
61. f8=Q Kg5 62. Qg7+ Kh4 63. Rf2 Kh3 64. Rh2#
1-0